| 000 | 01600cam a2200349 i 4500 | ||
|---|---|---|---|
| 001 | 19493304 | ||
| 003 | OSt | ||
| 005 | 20250909093307.0 | ||
| 006 | m |o d | | ||
| 007 | cr ||||||||||| | ||
| 008 | 170214s2017 enk ob 001 0 eng | ||
| 010 | _a 2017007085 | ||
| 020 |
_a9781780646046 _q(epdf) |
||
| 020 |
_a9781786392626 _q(epub) |
||
| 020 |
_z9781780646022 _q(hardcover ; _qalk. paper) |
||
| 035 | _a19493304 | ||
| 040 | _aSEKU | ||
| 042 | _apcc | ||
| 050 | 0 | 0 |
_aSF871 _b.G67 2017 |
| 100 | 1 |
_aGordon, Ian, _d1928- _eauthor. |
|
| 245 | 1 | 0 |
_aReproductive technologies in farm animals / _cIan Gordon. |
| 250 | _a2nd edition. | ||
| 264 | 1 |
_aWallingford, Oxfordshire _aBoston, MA : _bCABI, _c[2017] |
|
| 300 | _a1 online resource. | ||
| 504 | _aIncludes bibliographical references and index. | ||
| 505 | 0 | _aArtificial insemination -- Embryo transfer -- In vitro embryo production -- Controlling oestrus and ovulation -- Control of post-partum ovarian activity -- Control of seasonal breeding -- Controlling multiples births and litter-size -- Pregnancy testing technology -- Controlling parturition -- Controlling onset of puberty -- Production of clones and transgenics -- Suppressing reproductive activity. | |
| 588 | _aDescription based on print version record and CIP data provided by publisher. | ||
| 650 | 0 |
_aLivestock _xReproduction. |
|
| 650 | 0 |
_aLivestock _xBreeding. |
|
| 776 | 0 | 8 |
_iPrint version: _aGordon, Ian, 1928- author. _tReproductive technologies in farm animals _b2nd edition. _dBoston, MA : CABI, [2017] _z9781780646022 _w(DLC) 2017002055 |
| 942 |
_2lcc _cGEN |
||
| 999 |
_c18612 _d18612 |
||